| 000 | 01380nac a22003011u 4500 | ||
|---|---|---|---|
| 008 | 110721s2005 enk|||||r|||| 00| 0 eng d | ||
| 010 | _a 2005047741 | ||
| 020 | _a0198610335 | ||
| 020 | _a9780198610335 | ||
| 082 | 0 | 0 |
_a320.03 _222 _bPOL |
| 100 |
_a20080729 _926374 |
||
| 245 | 0 | 4 |
_aThe Oxford Dictionary of Political Quotations / _cedited by Antony Jay. |
| 246 | 3 | _aPolitical quotations | |
| 250 |
_a2nd ed. ; _bwith supplement: sound bites 2000-4. |
||
| 260 |
_aNew York : _bOxford University Press,2005 _c2005. |
||
| 300 |
_a513 p. ; _c20 cm. |
||
| 490 | 0 |
_aOxford paperback reference _926375 |
|
| 500 | _aIncludes index. | ||
| 650 | 0 |
_aPolitical science _vQuotations, maxims, etc. _926376 |
|
| 650 | 0 |
_aPoliticians _vQuotations. _926377 |
|
| 653 | _bPol | ||
| 700 | 1 |
_aJay, Antony, _d1930- _926378 |
|
| 856 | 4 | 2 |
_3Publisher description _uhttp://www.loc.gov/catdir/enhancements/fy0640/2005047741-d.html |
| 856 | 4 | 2 |
_3Table of contents only _uhttp://www.loc.gov/catdir/enhancements/fy0640/2005047741-t.html |
| 856 | 4 | 2 |
_3Contributor biographical information _uhttp://www.loc.gov/catdir/enhancements/fy0726/2005047741-b.html |
| 942 |
_cREFERENCE _k320.03 POL _2ddc |
||
| 999 |
_c7594 _d7594 |
||